Miasta w Polsce poniżej 1000 mieszkańców - Statystyki

Ogólne statystyki
  • Ten quiz został rozwiązany 43 razy
  • Średni wynik to 5 z 10
Statystyki odpowiedzi
# Województwo Ludność Miasto % Poprawnych
O świętokrzyskie 338 Opatowiec
71%
W świętokrzyskie 504 Wiślica
71%
W mazowieckie 894 Wyśmierzyce
66%
S podlaskie 991 Suraż
57%
K małopolskie 778 Koszyce
54%
J lubelskie 920 Józefów nad Wisłą
51%
D podkarpackie 871 Dubiecko
46%
G lubelskie 968 Goraj
46%
D świętokrzyskie 897 Działoszyce
40%
S mazowieckie 965 Solec nad Wisłą
34%
Nie znaleziono quizów pasujących do podanych kryteriów
Rozkład punktacji
Procent ludzi z każdym wynikiem
Percentyl według liczby udzielonych odpowiedzi
Twoja historia wyników
Nie rozwiązałeś tego quizu